00157 a2200073 450000100060000010000210000624500360002726000200006322622 aHussain Muhammad ahistory of the Freedom Movement abHussainc1957